|
|
|
|
| LEADER |
01181nam a2200325 a 4500 |
| 001 |
GR-Patra13935 |
| 008 |
980608s1999 gr g b 001 b eng d |
| 020 |
|
|
|a 0766800334
|
| 040 |
|
|
|a GrPaTEI
|b gre
|c GR-PaULI
|
| 040 |
|
|
|a GrPaTEI
|b gre
|c GR-PaULI
|
| 082 |
|
0 |
|a 649.153
|2 21
|
| 245 |
0 |
2 |
|a A practical guide to solving preschool behavior problems /
|c Eva Essa.
|
| 250 |
|
|
|a 4th ed.
|
| 260 |
|
|
|a Albany, N.Y. :
|b Delmar Publishers,
|c c1999
|
| 300 |
|
|
|a vi, 424 σ. :
|b εικ.
|
| 504 |
|
|
|a Περιλαμβάνει βιβλιογραφικές παραπομπές
|
| 650 |
|
0 |
|a Behavior disorders in children
|
| 650 |
|
0 |
|a CHILDREN
|
| 650 |
|
0 |
|a Education
|
| 650 |
|
0 |
|a Problem children
|x Education (Preschool)
|
| 650 |
|
0 |
|a Social learning
|
| 650 |
|
4 |
|a ΕΚΠΑΙΔΕΥΣΗ
|
| 650 |
|
4 |
|a ΝΗΠΙΑΚΗ ΗΛΙΚΙΑ
|
| 650 |
|
4 |
|a Παιδιά
|
| 700 |
1 |
|
|a Essa, Eva.
|
| 710 |
0 |
|
|a Delmar
|
| 942 |
|
|
|2 ddc
|
| 952 |
|
|
|0 0
|1 0
|2 ddc
|4 0
|6 649_153000000000000_ESS
|7 0
|9 292952
|a LISK
|b LISK
|c BSC
|d 2021-01-17
|e 24
|f 0
|g 0.00
|l 0
|o 649.153 ESS
|p 92410018457
|r 2021-01-17 00:00:00
|t 1
|w 2021-01-17
|y BK15
|x 20001109 0 1
|x GrPaTEI
|
| 971 |
|
|
|a .b26614509
|b 15-04-20
|c 23-09-16
|
| 999 |
|
|
|c 171236
|d 171236
|